000 00640nam a2200217Ia 4500
005 20260429112024.0
008 260429s9999||||xx |||||||||||||| ||und||
020 _a9781642676099
041 _aEnglish
082 _a378.173
_bHUN
100 _aHundley, Stephen P.
245 0 _aTrends in assessment :
_bideas, opportunities, and issues for higher education /
_cStephen P. Hundley
250 _a2nd ed.
260 _aNew York :
_bRoutledge,
_c2024.
300 _axxi, 211 p.; pbk
650 _a Educational assessment
650 _a Evaluation methods
650 _aHigher education
700 _a Keith, Caleb J.
942 _cTB
999 _c51937
_d51937